Soccer Positions - Statistics

General Stats
  • This quiz has been taken 83 times
  • The average score is 4 of 10
Answer Stats
Answer % Correct
Striker
88%
Goalie
69%
Left Wing
63%
Right Wing
61%
Center Midfield
31%
Left Midfield
24%
Right Midfield
24%
Left Defense
21%
Right Defense
21%
Center Defense
18%
No matching quizzes found
Score Distribution
Percent of People with Each Score
Percentile by Number Answered
Your Score History
You have not taken this quiz